000
00322 a2200145 4500
001
150857
040
_c
Escola São Tomás de Aquino
100
_a
GOECKS, Rodrigo
240
1
0
_a
Cabelo bom é o quê?
_l
por
245
1
0
_a
Cabelo bom é o quê?
300
_a
23
362
0
_a
2016
697
_a
Psicologia
942
_c
BK
999
_c
150857
_d
150857